00259nam a2200109 450000500170000002000180001708200140003510000180004924500110006726000610007830000100013920251119123205.0 a9780071321167 a535.2 HEC aHecht, Eugene aOptics aNew Delhi:bTata McGraw Hill Education Pvt. Ltd.,c1975. a242p.